Padakkalputhame kel/ (Record no. 181934)

000 -LEADER
fixed length control field 00472nam a22001817a 4500
020 ## - INTERNATIONAL STANDARD BOOK NUMBER
ISBN 9789393969446
082 ## - DEWEY DECIMAL CLASSIFICATION NUMBER
Classification number M100 7
Item number RAJ/P
100 ## - MAIN ENTRY--AUTHOR NAME
Personal name Rajesh Kumar K
245 ## - TITLE STATEMENT
Title Padakkalputhame kel/
Statement of responsibility, etc by Rajesh Kumar K
250 ## - EDITION STATEMENT
Edition statement 3rd.
260 ## - PUBLICATION, DISTRIBUTION, ETC. (IMPRINT)
Place of publication Kozhikode:
Name of publisher Pavananta Publishers,
Year of publication 2022
300 ## - PHYSICAL DESCRIPTION
Number of Pages 374p.
650 ## - SUBJECT ADDED ENTRY--TOPICAL TERM
Topical Term Poetry Malayalam Study
650 ## - SUBJECT ADDED ENTRY--TOPICAL TERM
Topical Term Poetry Thirunishalmala Study
650 ## - SUBJECT ADDED ENTRY--TOPICAL TERM
Topical Term Literature Malayalam
650 ## - SUBJECT ADDED ENTRY--TOPICAL TERM
Topical Term Literature
942 ## - ADDED ENTRY ELEMENTS (KOHA)
Koha item type Book
Holdings
Withdrawn status Lost status Damaged status Not for loan Permanent Location Current Location Shelving location Date acquired Cost, normal purchase price Full call number Accession Number Price effective from Koha item type
        Sree Sankaracharya University of Sanskrit Sree Sankaracharya University of Sanskrit Stacks 02.06.2026 590.00 M100 7 RAJ/P 109096 02.06.2026 Book